00554nam a2200145Ia 4500008004000000082001700040100001900057245006300076260003400139300001400173690002400187906001100211999001700222952016900239210210b1986 xxu||||| |||| 00| 0 eng d a342.029 AGAC aAGARWAL (R C). aConstitutional development of India and National movement. aNDbS. Chand & Co. Ltd.c1986 axviii,540 aIndian Constitution a040440 c89906d89906 001040708Political ScienceaALbALcPolitical Scienced2021-02-17g50.00l3m1o342.029 AGACp040440q2026-10-23r2026-06-25 15:41:42s2026-06-25w2021-02-17yBK